[Event "Szkolne Indywidualne Mistrzostwa Polski w szachach - open do lat 13 (C-13)"]
[Site "Pokrzywna"]
[Date "1899-12-30"]
[Round "1.1"]
[White "Bochenek, Ryszard"]
[Black "Kejna, Piotr"]
[Result "1/2-1/2"]
[WhiteTitle "II"]
[BlackTitle "CM"]
[WhiteElo "1376"]
[BlackElo "1749"]

1. e4 e6 2. d4 c5 3. Nf3 cxd4 4. Nxd4 Bc5 5. Nb3 Bb6 6. Nc3 Ne7 7. Be2 O-O 8. O-O
f5 9. Nd4 fxe4 10. Nxe4 d5 11. Ng5 Rf6 12. Ngf3 h6 13. b3 Nbc6 14. Nxc6 Nxc6 15.
Bb2 Rf8 16. Bb5 Bd7 17. Bxc6 Bxc6 18. Ne5 Qg5 19. Qe2 Rae8 20. Rad1 Rf5 21. Nf3
Qh5 22. h3 Qf7 23. Ne5 Qe7 24. Kh1 Qh4 25. Nf3 Qh5 26. Kg1 Qf7 27. Ne5 Qe7 28.
Kh1 Bc7 29. Kg1 Qg5 1/2-1/2

[Event "Szkolne Indywidualne Mistrzostwa Polski w szachach - open do lat 13 (C-13)"]
[Site "Pokrzywna"]
[Date "1899-12-30"]
[Round "1.3"]
[White "Czak, Dominik"]
[Black "Sniadecki, Oskar"]
[Result "0-1"]
[WhiteTitle "II"]
[BlackTitle "II+"]
[WhiteElo "1262"]
[BlackElo "1462"]

1. d4 Nf6 2. c4 g6 3. Nc3 Bg7 4. e4 d6 5. f4 O-O 6. Nf3 Re8 7. Be2 Na6 8. O-O c5
9. d5 Bg4 10. a3 e6 11. Nd2 Bxe2 12. Qxe2 exd5 13. cxd5 Nc7 14. Qf3 Qd7 15. Re1
Ncxd5 16. e5 dxe5 17. fxe5 Nxc3 18. Qxc3 Ng4 19. Nf3 Rac8 20. Bf4 Qf5 21. Bg3
b6 22. Rad1 Rcd8 23. Rxd8 Rxd8 24. h3 Nh6 25. Qc4 Qd3 26. Qa2 c4 27. Rc1 Qe3+
0-1

[Event "Szkolne Indywidualne Mistrzostwa Polski w szachach - open do lat 13 (C-13)"]
[Site "Pokrzywna"]
[Date "1899-12-30"]
[Round "1.4"]
[White "Zieba, Hubert"]
[Black "Dylong, Antoni"]
[Result "1-0"]
[WhiteTitle "I"]
[BlackTitle "II"]
[WhiteElo "1443"]
[BlackElo "1019"]

1. c4 e5 2. Nc3 Nf6 3. g3 Nc6 4. Bg2 Bc5 5. Nf3 d6 6. O-O O-O 7. h3 h6 8. d3 Be6
9. e3 Bb6 10. e4 Qd7 11. Nd5 Bg4 12. Nh4 Nb8 1-0

[Event "Szkolne Indywidualne Mistrzostwa Polski w szachach - open do lat 13 (C-13)"]
[Site "Pokrzywna"]
[Date "1899-12-30"]
[Round "2.2"]
[White "Sniadecki, Oskar"]
[Black "Zieba, Hubert"]
[Result "0-1"]
[WhiteTitle "II+"]
[BlackTitle "I"]
[WhiteElo "1462"]
[BlackElo "1443"]

1. d4 Nf6 2. Bg5 g6 3. Nd2 Bg7 4. Ngf3 O-O 5. c4 d6 6. e3 c5 7. Be2 a6 8. O-O cxd4
9. Nxd4 Nc6 10. N2f3 Bd7 11. Rc1 b5 12. cxb5 Nxd4 13. Nxd4 axb5 14. Qb3 Ne4 15.
Qd5 Nxg5 16. Qxg5 Rxa2 17. Rb1 e6 18. Qg3 Be5 19. Qg4 Qb6 20. Rfd1 d5 21. b3 b4
22. Bf3 Bxd4 23. exd4 Rc8 24. Bxd5 f5 25. Qf3 exd5 26. Qxd5+ Qe6 27. Qb7 Bc6 28.
d5 Bxb7 29. dxe6 Re2 30. Rd7 Bc6 31. Rd6 Kf8 32. Kf1 Re5 0-1

[Event "Szkolne Indywidualne Mistrzostwa Polski w szachach - open do lat 13 (C-13)"]
[Site "Pokrzywna"]
[Date "1899-12-30"]
[Round "2.3"]
[White "Kejna, Piotr"]
[Black "Krol, Jan"]
[Result "1/2-1/2"]
[WhiteTitle "CM"]
[BlackTitle "II+"]
[WhiteElo "1749"]
[BlackElo "1413"]

1. e4 c5 2. Nf3 e6 3. b3 a6 4. Bb2 Nc6 5. e5 Nge7 6. Nc3 Ng6 7. Qe2 Qc7 8. Nd1
b5 9. g3 Bb7 10. Rg1 Nb4 11. Ne3 Bxf3 12. Qxf3 Nc6 13. Qe4 Ngxe5 14. Bg2 d5 15.
Qf4 Bd6 16. Qg5 Rg8 17. f4 Nd7 18. f5 Be5 19. fxe6 fxe6 20. Qh5+ g6 21. Qxh7 O-O-O
22. O-O-O Bxb2+ 23. Kxb2 Qe5+ 24. Kb1 a5 25. Rge1 Nf6 26. Qh6 Ne4 27. Ng4 Qh5
28. Qxh5 gxh5 29. Bxe4 hxg4 30. Bd3 c4 31. bxc4 dxc4 32. Bf1 Nd4 33. Bg2 Rh8 34.
Rh1 Nf5 35. Kc1 c3 36. Be4 cxd2+ 37. Rxd2 Rxd2 38. Kxd2 Kd7 39. Ke2 Kd6 40. Kf2
Ke5 41. Bd3 b4 42. Re1+ Kf6 43. Kg2 Rc8 44. Re4 e5 45. Kf2 Nh6 46. Bc4 Rc7 47.
Ke1 Rc8 48. Kd2 Rd8+ 49. Bd3 Rd5 50. Ke2 Rc5 51. Bc4 Kg5 52. Kd2 Nf5 53. Be2 Nh6
54. Kc1 Kf5 55. Bd3 Kg5 56. Kb2 Ng8 57. Kb3 Nf6 58. Rc4 Rd5 59. Ka4 Nd7 60. Be4
Nc5+ 61. Kxa5 Nxe4+ 62. Kxb4 Nd2 63. Rc8 Nf3 64. c4 Rd2 65. a4 Kf6 66. a5 Ke7
67. a6 Ra2 68. Kb5 Nd4+ 69. Kb6 Rb2+ 70. Kc5 Ra2 71. Kb6 Rb2+ 72. Kc5 Ra2 73.
Kb6 Rb2+ 74. Kc5 Ra2 1/2-1/2

[Event "Szkolne Indywidualne Mistrzostwa Polski w szachach - open do lat 13 (C-13)"]
[Site "Pokrzywna"]
[Date "1899-12-30"]
[Round "2.4"]
[White "Latacz, Grzegorz"]
[Black "Bochenek, Ryszard"]
[Result "1-0"]
[WhiteTitle "II"]
[BlackTitle "II"]
[WhiteElo "1424"]
[BlackElo "1376"]

1. d4 Nf6 2. c4 g6 3. Nc3 Bg7 4. e4 d6 5. Nf3 O-O 6. Be2 Nc6 7. O-O e5 8. d5 Ne7
9. b4 a6 10. c5 Ne8 11. Rb1 f5 12. Ng5 Nf6 13. Ne6 Bxe6 14. dxe6 fxe4 15. Be3
d5 16. Bg5 c6 17. Bxf6 Bxf6 18. a4 Nf5 19. Bg4 Bg7 20. b5 axb5 21. axb5 Qe7 22.
bxc6 bxc6 23. Nxe4 dxe4 24. Bxf5 Rad8 25. Qa4 gxf5 26. Qxc6 Rf6 27. Rb6 Rg6 28.
Rfb1 Qg5 29. g3 e3 30. Qf3 exf2+ 31. Qxf2 e4 32. Rb8 Bd4 33. Qxd4 Rf8 34. Rxf8+
Kxf8 35. Rb8+ Ke7 36. Qd6+ Kf6 37. e7+ Kg7 38. Qd4+ Kh6 39. e8=Q Qc1+ 40. Kg2
Qc2+ 41. Qf2 1-0

[Event "Szkolne Indywidualne Mistrzostwa Polski w szachach - open do lat 13 (C-13)"]
[Site "Pokrzywna"]
[Date "1899-12-30"]
[Round "2.5"]
[White "Kucharski, Sylwester"]
[Black "Lecyk, Piotr"]
[Result "1-0"]
[WhiteTitle "II"]
[BlackTitle "II"]
[WhiteElo "1369"]
[BlackElo "1013"]

1. e4 e5 2. Nf3 Nc6 3. Nc3 Nf6 4. Bc4 Bc5 5. d3 h6 6. a3 Bb6 7. O-O d6 8. h3 O-O
9. Nd5 Nxd5 10. Bxd5 Qe7 11. c3 Bd7 12. b4 a6 13. a4 Rad8 14. Be3 Bxe3 15. fxe3
Kh8 16. b5 Na5 17. Qb1 f5 18. Qb4 c6 19. Qxa5 cxd5 20. exd5 e4 21. dxe4 Qxe4 22.
bxa6 bxa6 23. Rfe1 Qc4 24. Nd4 Rc8 25. Ne6 Bxe6 26. dxe6 Qxe6 27. Qxa6 Rxc3 28.
Qb6 Rc2 29. Rf1 Re2 30. Rae1 Rxe1 31. Rxe1 f4 32. Rf1 Qe4 33. a5 d5 34. a6 f3
35. Rf2 d4 36. Qxd4 Qxd4 37. exd4 Ra8 38. Ra2 Kg8 39. gxf3 Kf7 40. Kf2 Ke6 41.
Ra5 Ra7 42. d5+ Kd6 43. Ke3 g6 44. Ke4 h5 45. Kd4 h4 46. Ke4 Ra8 47. Kd4 Ra7 48.
f4 Ra8 49. a7 Kd7 50. Kc5 Kc7 51. d6+ Kb7 52. Kb5 Rc8 53. a8=Q+ Rxa8 54. Rxa8
Kxa8 55. d7 g5 56. d8=Q+ Ka7 57. Qb6+ Ka8 58. Kc6 g4 59. Qb7# 1-0

[Event "Szkolne Indywidualne Mistrzostwa Polski w szachach - open do lat 13 (C-13)"]
[Site "Pokrzywna"]
[Date "1899-12-30"]
[Round "2.6"]
[White "Dylong, Antoni"]
[Black "Czak, Dominik"]
[Result "0-1"]
[WhiteTitle "II"]
[BlackTitle "II"]
[WhiteElo "1019"]
[BlackElo "1262"]

1. e4 c6 2. d4 d5 3. exd5 cxd5 4. c4 Nf6 5. Nc3 e6 6. Nf3 Nc6 7. c5 Be7 8. Bd3
Bd7 9. O-O O-O 10. Bg5 h6 11. Bh4 b6 12. cxb6 Qxb6 13. Bb5 a6 14. Bxc6 Bxc6 15.
Qd2 Rab8 16. Rab1 Rfc8 17. a3 Ne4 18. Qe3 Nxc3 19. bxc3 Qxb1 20. Bxe7 Qe4 21.
Qc1 Bb5 22. Re1 Qd3 23. Re3 Qh7 24. Bd6 Rb7 25. Ne5 Ba4 26. Bb4 a5 27. Bxa5 Rb1
0-1

[Event "Szkolne Indywidualne Mistrzostwa Polski w szachach - open do lat 13 (C-13)"]
[Site "Pokrzywna"]
[Date "1899-12-30"]
[Round "3.1"]
[White "Musial, Igor"]
[Black "Zieba, Hubert"]
[Result "1/2-1/2"]
[WhiteTitle "I"]
[BlackTitle "I"]
[WhiteElo "1690"]
[BlackElo "1443"]

1. e4 c5 2. Nf3 Nc6 3. d4 cxd4 4. Nxd4 g6 5. c4 Nf6 6. Nc3 Nxd4 7. Qxd4 d6 8. Be3
Bg7 9. f3 O-O 10. Qd2 Be6 11. Be2 Qa5 12. O-O Rfc8 13. b3 a6 14. Rac1 b5 15. Nd5
Qxd2 16. Bxd2 Bxd5 17. cxd5 Nd7 18. Rxc8+ Rxc8 19. Rc1 Rxc1+ 20. Bxc1 Nc5 21.
Be3 Kf8 22. Bxc5 dxc5 23. a4 bxa4 24. bxa4 a5 25. Bc4 Ke8 26. Kf2 Kd7 27. f4 Bd4+
28. Kf3 f6 29. g3 h6 30. h3 g5 31. Bb5+ 1/2-1/2

[Event "Szkolne Indywidualne Mistrzostwa Polski w szachach - open do lat 13 (C-13)"]
[Site "Pokrzywna"]
[Date "1899-12-30"]
[Round "3.2"]
[White "Krol, Jan"]
[Black "Latacz, Grzegorz"]
[Result "1/2-1/2"]
[WhiteTitle "II+"]
[BlackTitle "II"]
[WhiteElo "1413"]
[BlackElo "1424"]

1. e4 e6 2. d4 d5 3. Nc3 Nf6 4. e5 Nfd7 5. f4 c5 6. Nf3 Nc6 7. Be3 cxd4 8. Nxd4
Bc5 9. Nxc6 bxc6 10. Bxc5 Nxc5 11. Qd4 Qb6 12. Rb1 Nd7 13. Qxb6 axb6 14. a3 f6
15. exf6 Nxf6 16. Bd3 Ba6 17. O-O Kd7 18. Rfe1 Rhe8 19. Rbd1 Bxd3 20. Rxd3 Re7
21. Nb1 Ra4 22. g3 Re4 23. Rxe4 Nxe4 24. Nd2 Nxd2 25. Rxd2 e5 26. fxe5 Rxe5 27.
Kf2 Re4 28. Re2 Rg4 29. Kf3 Rg6 30. g4 Rf6+ 31. Kg3 g5 32. h4 h6 33. hxg5 hxg5
34. Re5 Rg6 35. Rf5 Rh6 36. Kf3 Rh2 37. a4 c5 38. b3 1/2-1/2

[Event "Szkolne Indywidualne Mistrzostwa Polski w szachach - open do lat 13 (C-13)"]
[Site "Pokrzywna"]
[Date "1899-12-30"]
[Round "3.3"]
[White "Czak, Dominik"]
[Black "Kejna, Piotr"]
[Result "0-1"]
[WhiteTitle "II"]
[BlackTitle "CM"]
[WhiteElo "1262"]
[BlackElo "1749"]

1. d4 Nf6 2. c4 c5 3. d5 e6 4. Nc3 exd5 5. cxd5 d6 6. e4 g6 7. f4 Bg7 8. Nf3 O-O
9. Bd3 Re8 10. O-O Bg4 11. h3 Bxf3 12. Qxf3 a6 13. a4 Nbd7 14. Bd2 Rc8 15. Rae1
Qb6 16. Qf2 Qb3 17. Bc1 c4 18. Bc2 Qb4 19. Na2 Qa5 20. Bd2 Qc7 21. Nc3 Rb8 22.
Na2 Nc5 23. Nc3 b5 24. axb5 axb5 25. e5 Nfd7 26. exd6 Qxd6 27. Rxe8+ Rxe8 28.
Nxb5 Qb6 29. f5 Rf8 30. Nd4 Qxb2 31. Be3 Qc3 32. Nf3 Nd3 33. Bxd3 Qxd3 34. fxg6
fxg6 35. Qd2 Qe4 36. Bd4 Rxf3 37. gxf3 Qxd4+ 38. Qxd4 Bxd4+ 39. Kg2 c3 40. Rc1
Kf7 41. Kf1 Ke7 42. Ke2 Nc5 43. Rc2 Kd6 44. Ra2 Kxd5 45. Kd1 Kc4 46. Kc2 Nd3 47.
Ra4+ Nb4+ 48. Kc1 Be3+ 0-1

[Event "Szkolne Indywidualne Mistrzostwa Polski w szachach - open do lat 13 (C-13)"]
[Site "Pokrzywna"]
[Date "1899-12-30"]
[Round "3.6"]
[White "Bochenek, Ryszard"]
[Black "Lecyk, Piotr"]
[Result "1-0"]
[WhiteTitle "II"]
[BlackTitle "II"]
[WhiteElo "1376"]
[BlackElo "1013"]

1. e4 e5 2. Nf3 Nc6 3. Bc4 Nf6 4. O-O Bc5 5. d3 h6 6. c3 Bb6 7. h3 O-O 8. b4 d6
9. Re1 Re8 10. Nbd2 Bd7 11. Bb2 a6 12. Qb3 Qe7 13. d4 exd4 14. cxd4 Rad8 15. Re2
a5 16. b5 Na7 17. a4 c6 18. Ba3 c5 19. d5 Qf8 20. Rae1 Nc8 21. Bb2 Ne7 22. Bxf6
gxf6 23. Nh4 Qg7 24. Re3 Qh7 25. Rg3+ Kh8 26. Qc3 Rg8 27. Qxf6+ Rg7 28. Qxe7 Bc7
29. Ree3 b6 30. Rxg7 Qxg7 31. Rg3 Qh7 32. Qf6+ Qg7 33. Qxg7# 1-0

[Event "Szkolne Indywidualne Mistrzostwa Polski w szachach - open do lat 13 (C-13)"]
[Site "Pokrzywna"]
[Date "1899-12-30"]
[Round "4.1"]
[White "Latacz, Grzegorz"]
[Black "Musial, Igor"]
[Result "0-1"]
[WhiteTitle "II"]
[BlackTitle "I"]
[WhiteElo "1424"]
[BlackElo "1690"]

1. d4 d5 2. c4 e6 3. Nc3 Nf6 4. cxd5 exd5 5. Bg5 Be7 6. e3 c6 7. Bd3 h6 8. Bf4
Be6 9. h3 Nbd7 10. Nf3 Rc8 11. e4 dxe4 12. Nxe4 Nxe4 13. Bxe4 Nf6 14. Bc2 Nd5
15. Be5 Bf6 16. O-O Bxe5 17. dxe5 Nf4 18. Qxd8+ Rxd8 19. Rad1 Ke7 20. a3 Bd5 21.
Nh4 g6 22. Rfe1 c5 23. Be4 Bxe4 24. Rxd8 Rxd8 25. Rxe4 Rd1+ 26. Kh2 Nd3 27. Re2
Rb1 28. Rd2 c4 29. b4 c3 30. Rxd3 c2 31. Rc3 c1=Q 32. Rxc1 Rxc1 33. Nf3 Ra1 34.
Nd4 Rxa3 35. f3 Rd3 36. Nc2 Rc3 37. Nd4 Rc4 38. Nb5 a6 39. Na3 Rxb4 40. Nc2 Rb2
41. Na3 b5 42. Kg3 Ke6 43. Kf4 Kd5 44. Ke3 b4 0-1

[Event "Szkolne Indywidualne Mistrzostwa Polski w szachach - open do lat 13 (C-13)"]
[Site "Pokrzywna"]
[Date "1899-12-30"]
[Round "4.2"]
[White "Zieba, Hubert"]
[Black "Krol, Jan"]
[Result "1/2-1/2"]
[WhiteTitle "I"]
[BlackTitle "II+"]
[WhiteElo "1443"]
[BlackElo "1413"]

1. c4 Nf6 2. Nf3 c5 3. Nc3 e6 4. g3 b6 5. Bg2 Bb7 6. O-O Be7 7. b3 O-O 8. Bb2 a6
9. d4 cxd4 10. Nxd4 Bxg2 11. Kxg2 Qc7 12. Nf3 d6 13. Qd2 Nbd7 14. Rfd1 Rfd8 15.
h4 Nc5 16. Rac1 Qb7 17. Kg1 d5 18. cxd5 Nxd5 19. Nxd5 Rxd5 20. Qc2 Rad8 21. Ng5
Bxg5 22. hxg5 Qd7 23. Rxd5 Qxd5 24. f4 Ne4 25. Kh2 h6 26. Qc6 hxg5 27. Qxd5 Rxd5
28. Rc2 gxf4 29. gxf4 Rd2 30. Rxd2 Nxd2 31. Kg2 Kh7 32. Kf2 Ne4+ 33. Kf3 Nc5 34.
b4 Nd7 35. a4 a5 36. bxa5 bxa5 37. e4 Nc5 38. Bc3 Nxa4 39. Bxa5 Kg6 40. Bd2 Kh5
41. Be3 f5 42. exf5 exf5 43. Bd4 1/2-1/2

[Event "Szkolne Indywidualne Mistrzostwa Polski w szachach - open do lat 13 (C-13)"]
[Site "Pokrzywna"]
[Date "1899-12-30"]
[Round "4.4"]
[White "Sniadecki, Oskar"]
[Black "Bochenek, Ryszard"]
[Result "1-0"]
[WhiteTitle "II+"]
[BlackTitle "II"]
[WhiteElo "1462"]
[BlackElo "1376"]

1. d4 Nf6 2. Bg5 g6 3. Bxf6 exf6 4. e3 Bg7 5. Nf3 f5 6. Be2 O-O 7. c3 d6 8. O-O
Nd7 9. Nbd2 Nf6 10. Re1 Re8 11. Rc1 a6 12. a4 b6 13. b4 Bb7 14. a5 c5 15. axb6
Qxb6 16. Nc4 Qc7 17. Qa4 d5 18. Na5 c4 19. Nxb7 Qxb7 20. Ra1 Ne4 21. Qc2 Bf6 22.
Reb1 g5 23. Nd2 Nd6 24. Ra5 Bd8 25. Raa1 Bc7 26. Re1 Qc8 27. Bf3 Qe6 28. h3 g4
29. hxg4 fxg4 30. Be2 f5 31. Nf1 Qh6 32. g3 Qf6 33. f3 h5 34. Kg2 Kg7 35. Qd2
Rh8 36. Rec1 Nf7 37. Qe1 Ng5 38. f4 Ne4 39. Nd2 Nxd2 40. Qxd2 Qe6 41. Rh1 Qe4+
42. Kf2 Bd8 43. Rh2 h4 44. Rah1 hxg3+ 45. Kxg3 Qxh1 46. Rxh1 Rxh1 47. Kg2 Rh6
48. Qc2 Rf6 49. Qa4 Ra7 50. Qe8 Be7 51. Qb8 Rd7 52. Qe8 Rc7 53. Qa4 Rcc6 54. Kf2
Rh6 55. Bf1 Rhe6 56. Bg2 Rcd6 57. Qa5 Bh4+ 58. Ke2 Bd8 59. Qc5 Bb6 60. Qc8 Kf7
61. Bxd5 Rxd5 62. Qb7+ Kf6 63. Qxd5 Bc7 64. Kf2 1-0

[Event "Szkolne Indywidualne Mistrzostwa Polski w szachach - open do lat 13 (C-13)"]
[Site "Pokrzywna"]
[Date "1899-12-30"]
[Round "4.5"]
[White "Dylong, Antoni"]
[Black "Kucharski, Sylwester"]
[Result "1-0"]
[WhiteTitle "II"]
[BlackTitle "II"]
[WhiteElo "1019"]
[BlackElo "1369"]

1. e4 c6 2. d4 d5 3. exd5 cxd5 4. c4 Nf6 5. Nc3 Be6 6. c5 Nc6 7. Nf3 g6 8. Bb5
Qc7 9. Ne5 a6 10. Ba4 Bg7 11. Bf4 Qc8 12. Bxc6+ bxc6 13. Na4 Qb7 14. Nb6 Ra7 15.
Qa4 O-O 16. Nxc6 Bd7 17. Nxe7+ Kh8 18. Nxd7 Nxd7 19. O-O Nxc5 20. dxc5 Qxe7 21.
Bd6 Qe8 22. Qxe8 Rxe8 23. c6 Raa8 24. c7 Be5 25. Bxe5+ Rxe5 26. Rfe1 Rxe1+ 27.
Rxe1 Rc8 28. Rc1 Kg7 29. Kf1 Kf6 30. Ke2 Ke5 31. Kd3 f5 32. b4 Kd6 33. Kd4 f4
34. Rc5 Ra8 35. c8=Q 1-0

[Event "Szkolne Indywidualne Mistrzostwa Polski w szachach - open do lat 13 (C-13)"]
[Site "Pokrzywna"]
[Date "1899-12-30"]
[Round "5.1"]
[White "Musial, Igor"]
[Black "Sniadecki, Oskar"]
[Result "1-0"]
[WhiteTitle "I"]
[BlackTitle "II+"]
[WhiteElo "1690"]
[BlackElo "1462"]

1. e4 e5 2. Nf3 Nc6 3. Bb5 a6 4. Ba4 Nf6 5. O-O Nxe4 6. Re1 Nc5 7. Bxc6 dxc6 8.
Nxe5 Be7 9. d4 Ne6 10. Be3 O-O 11. Nc3 Bf6 12. f4 Re8 13. Ne4 Nf8 14. c3 Ng6 15.
Qb3 Bxe5 16. fxe5 Qd5 17. Nc5 b6 18. c4 Qd8 19. Nd3 Be6 20. Qc3 Qh4 21. Rf1 Rad8
22. Nf4 Nxf4 23. Rxf4 Qe7 24. Raf1 h6 25. Bf2 Rf8 26. b3 f5 27. exf6 gxf6 28.
Bh4 Qd7 29. Bxf6 Rde8 30. Qg3+ Kh7 31. Qd3+ 1-0

[Event "Szkolne Indywidualne Mistrzostwa Polski w szachach - open do lat 13 (C-13)"]
[Site "Pokrzywna"]
[Date "1899-12-30"]
[Round "5.2"]
[White "Zieba, Hubert"]
[Black "Kejna, Piotr"]
[Result "0-1"]
[WhiteTitle "I"]
[BlackTitle "CM"]
[WhiteElo "1443"]
[BlackElo "1749"]

1. c4 e5 2. g3 Nc6 3. Nc3 g6 4. Bg2 Bg7 5. d3 d6 6. Nf3 Bf5 7. a3 Qd7 8. O-O h5
9. h4 a5 10. e4 Bg4 11. Be3 Nge7 12. Qd2 O-O 13. Nh2 Be6 14. Nd5 f5 15. f3 a4
16. Bg5 Bxd5 17. cxd5 Nd4 18. Rab1 c6 19. dxc6 Nexc6 20. g4 fxg4 21. fxg4 hxg4
22. Bh6 g3 23. Nf3 Qg4 24. Nxd4 Nxd4 25. Bxg7 Ne2+ 26. Qxe2 Qxe2 27. Bxf8 Rxf8
28. Rxf8+ Kxf8 29. Rf1+ Kg7 30. Rf3 Qd1+ 0-1

[Event "Szkolne Indywidualne Mistrzostwa Polski w szachach - open do lat 13 (C-13)"]
[Site "Pokrzywna"]
[Date "1899-12-30"]
[Round "5.3"]
[White "Krol, Jan"]
[Black "Dylong, Antoni"]
[Result "1-0"]
[WhiteTitle "II+"]
[BlackTitle "II"]
[WhiteElo "1413"]
[BlackElo "1019"]

1. e4 e5 2. Nf3 Nc6 3. Bc4 h6 4. c3 Nf6 5. d3 Bc5 6. Bb3 d6 7. Nbd2 Bg4 8. h3 Bh5
9. Nf1 O-O 10. g4 Bg6 11. Ng3 Qe7 12. g5 Nh5 13. Nh4 hxg5 14. Nxg6 Qf6 15. Qxh5
Qd8 16. Qd1 d5 17. Qh5 1-0

[Event "Szkolne Indywidualne Mistrzostwa Polski w szachach - open do lat 13 (C-13)"]
[Site "Pokrzywna"]
[Date "1899-12-30"]
[Round "5.4"]
[White "Czak, Dominik"]
[Black "Latacz, Grzegorz"]
[Result "1/2-1/2"]
[WhiteTitle "II"]
[BlackTitle "II"]
[WhiteElo "1262"]
[BlackElo "1424"]

1. d4 Nf6 2. c4 c5 3. d5 e6 4. Nc3 exd5 5. cxd5 d6 6. e4 g6 7. f4 Bg7 8. Nf3 O-O
9. Bd3 Re8 10. O-O c4 11. Bc2 b5 12. a3 Qb6+ 13. Kh1 Na6 14. Qe2 b4 15. Be3 Qb7
16. axb4 Nxb4 17. Ba4 Bd7 18. Bxd7 Nxd7 19. Bd4 Nxd5 20. Bxg7 Kxg7 21. Qxc4 Nxc3
22. Qxc3+ Kg8 23. e5 dxe5 24. fxe5 Rab8 25. h3 Qb6 26. Qa3 Rb7 27. Qc3 Qc7 28.
Qxc7 Rxc7 29. Rfe1 Rb7 30. Ra2 Re6 31. Ra5 1/2-1/2

[Event "Szkolne Indywidualne Mistrzostwa Polski w szachach - open do lat 13 (C-13)"]
[Site "Pokrzywna"]
[Date "1899-12-30"]
[Round "6.1"]
[White "Kejna, Piotr"]
[Black "Musial, Igor"]
[Result "0-1"]
[WhiteTitle "CM"]
[BlackTitle "I"]
[WhiteElo "1749"]
[BlackElo "1690"]

1. e4 c5 2. Nf3 d6 3. d4 cxd4 4. Nxd4 Nf6 5. Nc3 Nc6 6. Bg5 e6 7. Qd2 a6 8. f4
Bd7 9. Nxc6 Bxc6 10. e5 dxe5 11. Qxd8+ Rxd8 12. fxe5 h6 13. Bxf6 gxf6 14. exf6
Bc5 15. Ne2 Rg8 16. Nf4 Bd4 17. c3 Bxf6 18. Nd3 Bh4+ 19. Nf2 Bxf2+ 20. Kxf2 Rd2+
21. Ke3 Rxb2 22. Kd4 Rg4+ 23. Kc5 Kd7 0-1

[Event "Szkolne Indywidualne Mistrzostwa Polski w szachach - open do lat 13 (C-13)"]
[Site "Pokrzywna"]
[Date "1899-12-30"]
[Round "6.2"]
[White "Sniadecki, Oskar"]
[Black "Krol, Jan"]
[Result "1/2-1/2"]
[WhiteTitle "II+"]
[BlackTitle "II+"]
[WhiteElo "1462"]
[BlackElo "1413"]

1. d4 Nf6 2. Bg5 e6 3. e3 h6 4. Bh4 c5 5. Nf3 Nc6 6. Nbd2 cxd4 7. exd4 Be7 8. c3
b6 9. Bd3 Bb7 10. O-O O-O 11. Nc4 Nh5 12. Bxe7 Qxe7 13. Qd2 Rfd8 14. Rae1 Qf8
15. Nfe5 Nf6 16. f4 Rac8 17. f5 b5 18. Nxc6 Bxc6 19. fxe6 dxe6 20. Ne5 Be8 21.
Re3 Nd7 22. Ng4 h5 23. Ne5 b4 24. Qe2 Nxe5 25. Rxe5 f6 26. Rxe6 Bf7 27. Re3 bxc3
28. bxc3 Qd6 29. Bf5 Rc6 30. Re1 g6 31. Be6 Rc7 32. Qc2 Kg7 33. Qb3 g5 34. Bxf7
Rxf7 35. Re6 Qc7 36. Rf1 Rb8 37. Qc2 Rc8 38. Re3 Qd6 39. Rc1 Rfc7 40. Qf5 Rxc3
41. Rexc3 Rxc3 1/2-1/2

[Event "Szkolne Indywidualne Mistrzostwa Polski w szachach - open do lat 13 (C-13)"]
[Site "Pokrzywna"]
[Date "1899-12-30"]
[Round "6.3"]
[White "Lecyk, Piotr"]
[Black "Zieba, Hubert"]
[Result "1-0"]
[WhiteTitle "II"]
[BlackTitle "I"]
[WhiteElo "1013"]
[BlackElo "1443"]

1. e4 c5 2. Nf3 Nc6 3. d4 cxd4 4. Nxd4 g6 5. Nc3 Bg7 6. Be3 Nf6 7. Bc4 O-O 8. Bb3
d6 9. h3 Bd7 10. O-O Nxd4 11. Bxd4 b5 12. a3 a5 13. Qd2 Qc7 14. Rfe1 Rfd8 15.
Rad1 Qb7 16. Nd5 Nxd5 17. Bxd5 Bc6 18. Bxg7 Kxg7 19. Qc3+ f6 20. Bxc6 b4 21. Bxb7
bxc3 22. Bxa8 Rxa8 23. bxc3 1-0

[Event "Szkolne Indywidualne Mistrzostwa Polski w szachach - open do lat 13 (C-13)"]
[Site "Pokrzywna"]
[Date "1899-12-30"]
[Round "6.4"]
[White "Bochenek, Ryszard"]
[Black "Czak, Dominik"]
[Result "1-0"]
[WhiteTitle "II"]
[BlackTitle "II"]
[WhiteElo "1376"]
[BlackElo "1262"]

1. e4 c6 2. d4 d5 3. Nc3 dxe4 4. Nxe4 Nf6 5. Nxf6+ gxf6 6. c3 Bf5 7. g3 e6 8. Bg2
Bd6 9. Ne2 Nd7 10. O-O Qc7 11. b4 Nb6 12. Nf4 Nd5 13. Nxd5 cxd5 14. Qb3 O-O-O
15. a4 Bd3 16. Rd1 Bc4 17. Qb2 h5 18. Bf1 Bxf1 19. Rxf1 h4 20. f4 Rdg8 21. Kg2
e5 22. Qc2 e4 23. Be3 Rh7 24. Qf2 Rhg7 25. Qe2 hxg3 26. h3 Rh7 27. b5 Qd7 28.
Rh1 Rh4 29. Raf1 Rgh8 30. f5 R8h5 31. c4 Rxf5 32. c5 Bf4 33. c6 Qe6 34. cxb7+
Kxb7 35. a5 Bxe3 36. a6+ Kb8 37. Qxe3 Rxf1 38. Kxf1 Qf5+ 39. Kg2 Qf2+ 40. Qxf2
gxf2 41. Kxf2 Rf4+ 42. Ke2 Rh4 43. Kf2 Rf4+ 44. Ke2 Kc7 45. h4 Rg4 46. h5 Rg8
47. h6 Rh8 48. Rh5 Kb6 49. Rxd5 Rxh6 50. Ke3 Rh4 51. Rd6+ Kxb5 52. Rxf6 Kc4 53.
Rxf7 Rh3+ 54. Kxe4 Rh4+ 55. Ke5 Rxd4 56. Rc7+ Kd3 57. Rxa7 Ra4 58. Kd5 Ra5+ 59.
Kc6 Kc4 60. Kb6 Rb5+ 61. Kc7 Ra5 62. Kb7 Rb5+ 63. Ka8 Ra5 64. Rc7+ Kb5 65. a7
Ka6 66. Kb8 Kb6 67. Rb7+ 1-0

[Event "Szkolne Indywidualne Mistrzostwa Polski w szachach - open do lat 13 (C-13)"]
[Site "Pokrzywna"]
[Date "1899-12-30"]
[Round "7.1"]
[White "Musial, Igor"]
[Black "Krol, Jan"]
[Result "1-0"]
[WhiteTitle "I"]
[BlackTitle "II+"]
[WhiteElo "1690"]
[BlackElo "1413"]

1. e4 c5 2. Nf3 e6 3. d4 cxd4 4. Nxd4 a6 5. c4 b6 6. Nc3 Bb7 7. a3 Qc7 8. Be3 Nf6
9. f3 d6 10. Be2 Be7 11. O-O Nbd7 12. Rc1 O-O 13. b4 Rac8 14. Qd2 Qb8 15. Rc2
Bd8 16. Kh1 Bc7 17. Bg1 Qa8 18. Rb1 Rfd8 19. Qc1 Ne5 20. Na4 Nxe4 21. fxe4 Bxe4
22. Nf3 Bxc2 23. Qxc2 Nxc4 24. Bxc4 b5 25. Ng5 g6 26. Nxe6 Re8 27. Nxc7 Rxc7 28.
Nb6 Qd8 29. Qf2 bxc4 30. Nd5 Re6 31. Nxc7 Qxc7 32. Rc1 d5 33. Qd4 Qc6 34. Rd1
c3 35. Rc1 Re4 36. Rxc3 Qe6 37. Qc5 Qe5 38. Re3 Qa1 39. Qc8+ Kg7 40. Qc3+ Qxc3
41. Rxc3 Re6 42. Bd4+ Kf8 43. Kg1 Ke7 44. Rc7+ Ke8 45. Kf2 h5 46. Rc5 Kd7 47.
Rxd5+ Kc6 48. Rc5+ Kb7 49. Re5 Rf6+ 50. Ke3 Rf1 51. Ke4 Kc6 52. Rc5+ Kb7 53. Kd5
Rd1 54. Rc3 Rd2 55. Rf3 Rxg2 56. Rxf7+ Kc8 57. Kc6 Kd8 58. Bc5 Re2 59. Rf8+ Re8
60. Rxe8+ Kxe8 1-0

[Event "Szkolne Indywidualne Mistrzostwa Polski w szachach - open do lat 13 (C-13)"]
[Site "Pokrzywna"]
[Date "1899-12-30"]
[Round "7.2"]
[White "Latacz, Grzegorz"]
[Black "Kejna, Piotr"]
[Result "0-1"]
[WhiteTitle "II"]
[BlackTitle "CM"]
[WhiteElo "1424"]
[BlackElo "1749"]

1. d4 Nf6 2. c4 c5 3. d5 e6 4. Nc3 exd5 5. cxd5 d6 6. h3 g6 7. Nf3 Bg7 8. e4 O-O
9. Bd3 Re8 10. O-O a6 11. a4 Nbd7 12. Re1 Qc7 13. Qe2 Nb6 14. Qd2 c4 15. a5 Nbd7
16. Bc2 b5 17. axb6 Qxb6 18. Nd4 Nxe4 19. Nxe4 Bxd4 20. Nc3 Bxf2+ 21. Kh2 Bxe1
22. Qh6 Qf2 23. Be4 Qg3+ 24. Kh1 Bxc3 25. Bf4 Bg7 26. Bxg3 Bxh6 27. Bc2 Re2 28.
Ba4 Ne5 29. Bxe5 Rxe5 30. Bc6 Rb8 31. Rb1 c3 0-1

[Event "Szkolne Indywidualne Mistrzostwa Polski w szachach - open do lat 13 (C-13)"]
[Site "Pokrzywna"]
[Date "1899-12-30"]
[Round "7.3"]
[White "Sniadecki, Oskar"]
[Black "Lecyk, Piotr"]
[Result "1-0"]
[WhiteTitle "II+"]
[BlackTitle "II"]
[WhiteElo "1462"]
[BlackElo "1013"]

1. c4 e5 2. Nc3 Nf6 3. g3 Nc6 4. Bg2 Bc5 5. d3 h6 6. Nf3 d6 7. O-O Be6 8. Bd2 O-O
9. Ne1 Qd7 10. a3 a6 11. Nc2 Bh3 12. b4 Bb6 13. a4 Bd4 14. Rb1 Bxc3 15. Bxc3 Rfe8
16. b5 axb5 17. axb5 Ne7 18. Bxb7 Bxf1 19. Bxa8 Bxe2 20. Qxe2 Rxa8 21. Qf3 Rb8
22. Kg2 c6 23. bxc6 Nxc6 24. Rxb8+ Nxb8 25. Nb4 Kh7 26. d4 Qg4 27. dxe5 Qxf3+
28. Kxf3 dxe5 29. Bxe5 Nbd7 30. Bxf6 gxf6 31. Ke4 Kg6 32. Nd3 f5+ 33. Kd5 Nb6+
34. Kc5 Nd7+ 35. Kd6 Nb8 36. Ne5+ Kf6 37. Nd7+ Nxd7 38. Kxd7 Ke5 39. c5 1-0